|
|
|
|
| LEADER |
01522nam a2200313 a 4500 |
| 001 |
672642 |
| 003 |
BD-DhAAL |
| 008 |
091226s1996 ilua b 001 0 eng d |
| 999 |
|
|
|c 6438
|d 6438
|
| 010 |
|
|
|a 95037278
|
| 020 |
|
|
|a 0256160724
|
| 040 |
|
|
|a DLC
|c DLC
|d DLC
|d BD-DhAAL
|
| 082 |
0 |
0 |
|a 330.91732
|2 20
|
| 100 |
1 |
|
|a O'Sullivan, Arthur.
|9 31455
|
| 245 |
1 |
0 |
|a Urban economics /
|c Arthur O'Sullivan.
|
| 250 |
|
|
|a 3rd edition
|
| 260 |
|
|
|a Chicago :
|b Irwin,
|c c1996.
|
| 300 |
|
|
|a xxv, 739 p. :
|b ill. ;
|c 24 cm.
|
| 490 |
0 |
|
|a The Irwin series in economics
|
| 504 |
|
|
|a Includes bibliographical references and index.
|
| 541 |
1 |
|
|e 00007926
|
| 650 |
|
0 |
|a Urban economics.
|9 31456
|
| 650 |
|
0 |
|a Economics.
|9 43462
|
| 852 |
4 |
|
|a Ayesha Abed Library
|j General Stacks
|
| 942 |
|
|
|2 ddc
|c BK
|
| 952 |
|
|
|0 0
|1 0
|2 ddc
|4 0
|6 330_917320000000000_OSU_1996
|7 0
|9 6508
|a BRACUL
|b BRACUL
|c GEN
|d 2009-12-27
|g 0.00
|l 3
|m 39
|o 330.91732 OSU
|p 3010007926
|r 2018-01-15
|s 2017-09-13
|t 1
|w 2009-12-27
|y BK
|x No price found in the accession register.
|
| 952 |
|
|
|0 0
|1 0
|2 ddc
|4 0
|6 330_917320000000000_OSU_1996
|7 0
|9 22106
|a BRACUL
|b BRACUL
|c GEN
|d 2013-03-27
|l 5
|m 10
|o 330.91732 OSU
|p 3010007927
|r 2019-01-22
|s 2019-01-15
|t 2
|w 2013-03-27
|y BK
|
| 952 |
|
|
|0 0
|1 0
|2 ddc
|4 0
|6 330_917320000000000_OSU
|7 0
|9 43095
|a SCL
|b SCL
|c GEN
|d 2002-06-03
|l 1
|m 2
|o 330.91732 OSU
|p 3020003895
|r 2025-09-01
|s 2025-08-19
|t 3
|w 2014-07-10
|y BK
|
| 952 |
|
|
|0 0
|1 0
|2 ddc
|4 0
|6 330_917320000000000_OSU
|7 0
|9 54537
|a SCL
|b SCL
|c GEN
|d 2015-06-27
|e Gift: The Asia Foundation
|l 0
|o 330.91732 OSU
|p 3020003890
|r 2015-06-27
|t 4
|w 2015-06-27
|y BK
|